Score 0/17 Timer 20:00
0 Plays Today
can you name the animals of rangers lion % Correct
firebirdsaw shark
74%
tigerhammer head shark
73%
owlpolar bear
55%
armadillowolf
49%
pheonixbison
46%
lionfalcon
42%
sharkelephant
41%
cheetahdragon
41%
bullgorilla
37%
can you name the animals of rangers lion % Correct
deerhawk
29%
bearalligator
28%
eagleantelope
26%
condorpenguin
25%
batbeetle
24%
jaguarmammoth
21%
giraffedolphin
20%
rhinoleopard
17%
Remove Ads.
Support Sporcle.
Get the best of Sporcle when you Go Orange. This ad-free experience offers more features, more stats, and more fun while also helping to support Sporcle. Thank you for becoming a member.

You're not logged in!

Compare scores with friends on all Sporcle quizzes.
OR
Log In

Show Comments

Extras

Created Dec 17, 2014ReportNominate
Tags:Power Rangers

Top Quizzes Today


Score Distribution

Your Account Isn't Verified!

In order to create a playlist on Sporcle, you need to verify the email address you used during registration. Go to your Sporcle Settings to finish the process.

Report this User

Report this user for behavior that violates our Community Guidelines.

Details: